000 00911nam a22002897a 4500
001 BR0401718
003 BR-BrBNA
005 20230928101558.0
007 ta
008 230509b bl.||||| |||| 00| 0 por d
040 _aBR-BrBNA
_bpor
_cBiblioteca Nacional de Agricultura
041 _a(Por)
072 _aF06
090 _ F06 BR0401718
100 1 _aSilveira, R.C. de
110 1 _aUniversidade Federal de Lavras, MG (Brasil)
_0Tese (Mestrado)
245 1 _aEstudo de perdas de solo e água, sob diferentes níveis de resíduos culturais de milho, usando um simulador de chuvas
260 3 _aLavras, MG (Brasil):
_c1998.
300 _a52 p.
500 _aSummaries (Eng, Por); 37 ref.; 12 tables; 11 illus.
650 _aSIMULADOR DE CHUVA
650 _aRESÍDUO ORGÂNICO
650 _aIRRIGAÇÃO
650 _aRELAÇÃO SOLO-ÁGUA
909 _a202309
_bLucia
_c55
_dLucia Elande
942 _cBK
999 _c66531
_d66531